Normal view
MARC view
- DAS, DEEPANJAN, RASAJIT KUMAR BERA
Entry Personal Name
001 - CONTROL NUMBER
- control field: 6625
003 - CONTROL NUMBER IDENTIFIER
- control field: JO-AjAnu
005 - DATE AND TIME OF LATEST TRANSACTION
- control field: 20230606071356.0
008 - FIXED-LENGTH DATA ELEMENTS
- fixed length control field: 230606|| aca||aabn | a|a d
040 ## - CATALOGING SOURCE
- Original cataloging agency: JO-AjAnu
- Transcribing agency: JO-AjAnu
100 ## - HEADING--PERSONAL NAME
- Personal name: DAS, DEEPANJAN, RASAJIT KUMAR BERA
670 ## - SOURCE DATA FOUND
- Source citation: Work cat.: (JO-AjAnu)3433: DAS, DEEPANJAN, RASAJIT KUMAR BERA, author, FRACTIONAL CALCULUS-APPLICATION TO PHYSICAL PROBLEMS: Methods Applied to the Solution of Linear and Nonlinear Fractional Differential Equations